| 000 | 00605cam6a220021700 4500 | ||
|---|---|---|---|
| 001 | zam00003458 | ||
| 008 | 951128s1976 xx eng u | ||
| 035 | _a(Sirsi) r20786 | ||
| 035 | _a(MACHINE)SLC. | ||
| 100 |
_aSteila, D. _6A82261.1 |
||
| 245 | 1 | 4 | _aThe geography of soils. |
| 260 | _c1976. | ||
| 949 |
_aS591 _wlcc _mMAIN _p2500 _tBOOK _lON-SHELF |
||
| 004 | 20786 | ||
| 591 | _aClass code: G 220. | ||
| 591 | _aCourse: Intermediate physical geography. | ||
| 591 | _aSchool: S09. | ||
| 591 | _aLecturer: Dr. SICHINGABULA, H.M/VAN BEE. | ||
| 591 | _aNumber of Students: 96. | ||
| 909 | _aBook | ||
| 999 |
_c172788 _d172788 |
||